[Event "4NCL Division 2d"]
[Site "Birmingham, ENG"]
[Date "2016.05.01"]
[Round "10.29"]
[White "Amato, Giampiero"]
[Black "Fraser-Mitchell, Jeremy N"]
[Result "1/2-1/2"]
[WhiteElo "2011"]
[BlackElo "2059"]
[PlyCount "46"]
[EventDate "2016.05.01"]
[WhiteTeam "CSC Dragons [1]"]
[BlackTeam "MK Phoenix 1"]

1. e4 e6 2. d4 d5 3. Nc3 Bb4 4. e5 c5 5. Bd2 Ne7 6. a3 Bxc3 7. Bxc3 Nbc6 8. Nf3
cxd4 9. Nxd4 Nxe5 10. Nxe6 Bxe6 11. Bxe5 O-O 12. Bd3 Nc6 13. Bg3 Qf6 14. O-O
Qxb2 15. Rb1 Qxa3 16. Rxb7 a5 17. Qh5 g6 18. Qg5 f6 19. Qh6 Rf7 20. Rfb1 Qf8
21. Qe3 Re8 22. Qb6 Rxb7 23. Qxb7 Ne5 1/2-1/2

[Event "4NCL Division 2d"]
[Site "Birmingham, ENG"]
[Date "2016.05.01"]
[Round "10.30"]
[White "Brown, Alan M"]
[Black "Ismailov, Roman"]
[Result "0-1"]
[WhiteElo "2039"]
[BlackElo "2045"]
[PlyCount "64"]
[EventDate "2016.05.01"]
[WhiteTeam "MK Phoenix 1"]
[BlackTeam "CSC Dragons [1]"]

1. d4 d5 2. c4 e6 3. Nf3 Be7 4. Nc3 Nf6 5. Bg5 c6 6. e3 Nbd7 7. Be2 O-O 8. O-O
dxc4 9. Bxc4 Nd5 10. Bxe7 Qxe7 11. Qb3 N5b6 12. Be2 e5 13. Qc2 exd4 14. Nxd4
Nf6 15. Rfd1 Bd7 16. Rd2 Rad8 17. Rad1 Bc8 18. a3 g6 19. b4 a6 20. Nb3 Nbd5 21.
Nxd5 Rxd5 22. Bf3 Bf5 23. Qc1 Rxd2 24. Qxd2 Rc8 25. Qd4 Bc2 26. Qc5 Qxc5 27.
Nxc5 Bxd1 28. Bxd1 b6 29. Nxa6 Ra8 30. Be2 b5 31. Nc5 Rxa3 32. g3 Nd5 0-1

[Event "4NCL Division 2d"]
[Site "Birmingham, ENG"]
[Date "2016.05.01"]
[Round "10.31"]
[White "Staples, Daniel J"]
[Black "Habershon, Paul F"]
[Result "1-0"]
[WhiteElo "1981"]
[BlackElo "2036"]
[PlyCount "71"]
[EventDate "2016.05.01"]
[WhiteTeam "CSC Dragons [1]"]
[BlackTeam "MK Phoenix 1"]

1. d4 Nf6 2. Nf3 g6 3. e3 Bg7 4. Be2 O-O 5. O-O d6 6. c4 Nbd7 7. Nc3 c6 8. b4
b6 9. a4 a5 10. Rb1 axb4 11. Rxb4 Ba6 12. Rb1 Qc7 13. Ba3 Rfb8 14. Nd2 e6 15.
Qb3 c5 16. f4 d5 17. cxd5 Bxe2 18. d6 Qxd6 19. Nxe2 Qd5 20. Nc3 Qxb3 21. Nxb3
Ng4 22. Rfe1 Rc8 23. Rbc1 cxd4 24. exd4 Rc4 25. h3 Nh6 26. g4 Rac8 27. Nb5 Rxc1
28. Rxc1 Rxc1+ 29. Nxc1 Bf8 30. Nd3 Bxa3 31. Nxa3 Kf8 32. Nc4 Ke7 33. Nde5 f6
34. g5 Nf7 35. Kf2 Nd6 36. Nc6+ 1-0

[Event "4NCL Division 2d"]
[Site "Birmingham, ENG"]
[Date "2016.05.01"]
[Round "10.32"]
[White "Elwin, Adrian G"]
[Black "Milewska, Agnieszka"]
[Result "1-0"]
[WhiteElo "1996"]
[BlackElo "1766"]
[PlyCount "83"]
[EventDate "2016.05.01"]
[WhiteTeam "MK Phoenix 1"]
[BlackTeam "CSC Dragons [1]"]

1. d4 d5 2. c4 e6 3. Nc3 Nf6 4. Nf3 c5 5. cxd5 Nxd5 6. e4 Nxc3 7. bxc3 cxd4 8.
cxd4 Bb4+ 9. Bd2 Bxd2+ 10. Qxd2 O-O 11. Bc4 Nc6 12. O-O b6 13. Rac1 Na5 14. Bd3
Bb7 15. Rfd1 h6 16. Qe3 Qe7 17. Ne5 Rac8 18. Be2 Rxc1 19. Rxc1 Rd8 20. Bh5 Rf8
21. Qf4 g6 22. Bf3 Qg5 23. Qxg5 hxg5 24. Rc7 Rc8 25. Rxc8+ Bxc8 26. Kf1 Kg7 27.
h3 f6 28. Ng4 Nc4 29. Ke1 f5 30. Ne3 Nxe3 31. fxe3 Bb7 32. e5 Bxf3 33. gxf3 Kf7
34. e4 Ke7 35. d5 a5 36. a4 Kd7 37. Kd2 exd5 38. exd5 Kc7 39. Kc3 g4 40. hxg4
fxg4 41. fxg4 g5 42. Kc4 1-0